000 00720nam a2200241Ia 4500
003 OSt
005 20220923221025.0
006 a|||||r|||| 00| 0
007 ta
008 220922b |||||||| |||| 00| 0 hin d
024 _a193,888
037 _cTextual
040 _aARTS
_cARTS
_bhin
041 _2hin
_ahin
082 _aO152,3xN7:g, M9
100 _aसुमन कुमार
245 0 _aकहानी और कहानीकार
246 _aKahānī aur kahānīkāra
260 _aदिल्ली
_b सूर्य प्रका0
_c1989
300 _a200पृ.
_ccm.
942 _hO152,3xN7:g, M9
_cTEXL
_2CC
999 _c346305
_d346305